| 000 | 00584nam a2200205 a 4500 | ||
|---|---|---|---|
| 001 | 000024440 | ||
| 005 | 20200930023157.0 | ||
| 008 | 110127s2000 sp a r 001 0 spa d | ||
| 020 | _a8441510547 | ||
| 040 |
_aDO-SdBNP _bspa _cBNPHU |
||
| 082 |
_ann* _bnn* |
||
| 100 | 1 |
_aPescador Albiach, Darío. _950107 |
|
| 245 | 1 | 0 |
_aDirector 8 / _cDarío Pescador Albiach. |
| 260 |
_aMadrid : _bAnaya Multimedia, _c2000. |
||
| 300 |
_a288 p. : _bil. ; _c20 cm. |
||
| 490 | 1 | _aGuías prácticas | |
| 500 | _aIncluye índice alfabético. | ||
| 830 | 0 |
_aGuías prácticas _950108 |
|
| 049 | _aBNGR | ||
| 999 |
_c23933 _d23933 |
||